Agriscience : Fundamentals & applications
Guardado en:
| Autor principal: | |
|---|---|
| Formato: | Libro |
| Lenguaje: | Undetermined |
| Publicado: |
Australia
Thomson
2007
|
| Materias: | |
| Etiquetas: |
Agregar Etiqueta
Sin Etiquetas, Sea el primero en etiquetar este registro!
|
| Thư viện lưu trữ: | Trung tâm Học liệu Trường Đại học Cần Thơ |
|---|
| LEADER | 00517nam a2200193Ia 4500 | ||
|---|---|---|---|
| 001 | CTU_127844 | ||
| 008 | 210402s9999 xx 000 0 und d | ||
| 020 | |c 1871000 | ||
| 082 | |a 630 | ||
| 082 | |b B974 | ||
| 100 | |a Burton, L. Devere | ||
| 245 | 0 | |a Agriscience : Fundamentals & applications | |
| 245 | 0 | |c L. Devere Burton, Elmer L. Cooper | |
| 260 | |a Australia | ||
| 260 | |b Thomson | ||
| 260 | |c 2007 | ||
| 650 | |a Agriculture | ||
| 904 | |i Tuyến | ||
| 980 | |a Trung tâm Học liệu Trường Đại học Cần Thơ | ||